000 01118naa a22002657a 4500
001 BR5400084
003 BR-BrBNA
005 20240918181855.0
007 ta
008 230509b bl.||||| |||| 00| 0 por d
040 _aBR-BrBNA
_bpor
_cBiblioteca Nacional de Agricultura
041 _a(Pt)
072 _aL40; L50
_b5212
090 _aL40 BR5400084
100 1 _aManente, B.A.
111 1 _a2. Congresso Panamericano de Medicina Veterinaria
_cSao Paulo, SP (Brazil)
_d3 Apr 1954
245 1 _aAnastomoses arterio - venosas e dispositivos de bloqueio sanguineo dos vasos mamarios dos bovinos e sua iniportancia no mecanismo da termo - regulacao da glandula mamaria destes animais
260 3 _aSao Paulo, SP (Brasil):
_c1954.
500 _aAnais do 2. Congresso Panamericano de Medicina Veterinaria Sao Paulo, SP (Brasil): 1954. p. 287-289 (BR5400084-AM)L40
650 _aBovino
650 _aGlandula Mamaria
773 0 _tAnais do 2. Congresso Panamericano de Medicina Veterinaria
_wL40 BR5400084
_gSao Paulo, SP (Brasil), 1954. p. 287-289
909 _a202404
_bLucia
_c55
_dLucia Elande
942 _cAM
_2AGRIS
999 _c327283
_d327283